000
00295nam a22001337a 4500
008
170215b xxu||||| |||| 00| 0 eng d
020
_a
9760801602599
041
_a
eng
080
_2
2ND
_a
61
100
_a
4
101
_a
SHM
245
_a
MEDICAL TERMINOLOGY
_c
BIRMINGHAM, J.J
942
_2
udc
_c
BK
999
_c
5593
_d
5593